书目信息 |
| 题名: |
莱茵河
|
|
| 作者: | 费弗尔 著 ;许明龙 译 | |
| 分册: | ||
| 出版信息: | 北京 商务印书馆 2010.12 |
|
| 页数: | 320页 | |
| 开本: | 21cm | |
| 丛书名: | 汉译世界学术名著丛书 | |
| 单 册: | ||
| 中图分类: | K516.03 | |
| 科图分类: | ||
| 主题词: | 文化史 , 东欧--历史 , 中欧--历史 | |
| 电子资源: | ||
| ISBN: | 978-7-100-07099-7 | |
| 000 | 01197oam2 2200349 450 | |
| 001 | 2636611591 | |
| 005 | 20260410101134.79 | |
| 010 | @a978-7-100-07099-7@dCNY25.00 | |
| 100 | @a20110118d2010 em y0chiy0110 ea | |
| 101 | 1 | @achi@cfre |
| 102 | @aCN@b110000 | |
| 105 | @ay z 000yy | |
| 200 | 1 | @a莱茵河@9lai yin he@e历史、神话和现实@f(法)吕西安·费弗尔(Lucien Febvre)著@g许明龙译 |
| 210 | @a北京@c商务印书馆@d2010.12 | |
| 215 | @a320页@d21cm | |
| 225 | 2 | @a汉译世界学术名著丛书 |
| 312 | @a书内法文题名:Le rhin histoire, mythes et raelites | |
| 330 | @a本书共分为四章,主要内容包括:莱茵河的三个题目;三个形象,三种酵母;从城邦到国家;一条边界是如何形成和消失的。 | |
| 461 | 0 | @12001 @a汉译世界学术名著丛书 |
| 510 | 1 | @aLe rhin histoire, mythes et raelites@zfre |
| 517 | 1 | @a历史、神话和现实@9li shi、shen hua he xian shi |
| 606 | 0 | @a文化史 |
| 606 | 0 | @a东欧@x历史 |
| 606 | 0 | @a中欧@x历史 |
| 607 | @a河流@x文化史@x研究@y西欧 | |
| 607 | @a河流 | |
| 610 | 0 | @a莱茵河 |
| 690 | @aK516.03@v4 | |
| 701 | 0 | @c(法)@a费弗尔@9fei fu er@c(Febvre, Lucien)@4著 |
| 702 | 0 | @a许明龙@9xu ming long@4译 |
| 801 | 0 | @aCN@bRENTIAN@c20110118 |
| 905 | @b541202-06@dK516.03@eZW1068 | |
| 莱茵河:历史、神话和现实/(法)吕西安·费弗尔(Lucien Febvre)著/许明龙译.-北京:商务印书馆,2010.12 |
| 320页;21cm.-(汉译世界学术名著丛书) |
| ISBN 978-7-100-07099-7:CNY25.00 |
| 本书共分为四章,主要内容包括:莱茵河的三个题目;三个形象,三种酵母;从城邦到国家;一条边界是如何形成和消失的。 |
| ● |
| 相关链接 |
|
|
|
|
正题名:莱茵河
索取号:K516.03/ZW1068
 
预约/预借
| 序号 | 登录号 | 条形码 | 馆藏地/架位号 | 状态 | 备注 |
| 1 | 7510847 | 275108474 | 密集书库-文学院/ [索取号:K516.03/ZW1068] | 在馆 |